| 000 | 00551nam a2200181 i 4500 | ||
|---|---|---|---|
| 001 | 100682 | ||
| 003 | ES-MaACL | ||
| 005 | 20230906182726.0 | ||
| 007 | t| | ||
| 008 | 051004s1971 sp ||||1| spa d | ||
| 100 | 1 |
_aMatabosch, Antoni ( _d1935-) _978901 |
|
| 245 | 1 | 0 |
_aRoger Garaudy y la construcción del hombre / _cAntoni Matabosch; [epílogo por Roger Garaudy]. |
| 250 | _a[1ª ed.]. | ||
| 260 |
_aBarcelona : _bNova Terra, _c1971. |
||
| 300 |
_a208 p. ; _c19 cm. |
||
| 700 | 1 |
_aGaraudy, Roger. _953935 |
|
| 852 |
_aES-MaACL _jC-41581 _bR.79152 |
||
| 999 |
_c100682 _d100682 |
||